La defensa del país de Quito / (Record no. 10535)
[ view plain ]
| 000 -CABECERA | |
|---|---|
| campo de control de longitud fija | 00793cam a2200205 a 4500 |
| 001 - NÚMERO DE CONTROL | |
| campo de control | 000010783 |
| 005 - FECHA Y HORA DE LA ÚLTIMA TRANSACCIÓN | |
| campo de control | 20200929162306.0 |
| 008 - DATOS DE LONGITUD FIJA--INFORMACIÓN GENERAL | |
| campo de control de longitud fija | 000120s1999 ec abc 001 0 spa |
| 040 ## - FUENTE DE LA CATALOGACIÓN | |
| Centro catalogador/agencia de origen | DO-SdBNP |
| Centro/agencia modificador | BNPHU |
| 082 ## - NÚMERO DE LA CLASIFICACIÓN DECIMAL DEWEY | |
| Número de clasificación | 986.602 |
| Número de documento/Ítem | N575d |
| 100 1# - ENTRADA PRINCIPAL--NOMBRE DE PERSONA | |
| Nombre de persona | Núñez Sánchez, Jorge |
| Fechas asociadas al nombre | 1947- |
| 9 (RLIN) | 26037 |
| 245 13 - MENCIÓN DE TÍTULO | |
| Título | La defensa del país de Quito / |
| Mención de responsabilidad, etc. | Jorge Núñez Sánchez. |
| 260 ## - PUBLICACIÓN, DISTRIBUCIÓN, ETC. | |
| Lugar de publicación, distribución, etc. | Quito : |
| Nombre del editor, distribuidor, etc. | Ministerio de Defensa Nacional, Centro de Estudios Históicos del Ejército, |
| Fecha de publicación, distribución, etc. | 1999. |
| 300 ## - DESCRIPCIÓN FÍSICA | |
| Extensión | 217 p. : |
| Otras características físicas | il., mapas, retrs ; |
| Dimensiones | 21 cm. |
| 490 1# - MENCIÓN DE SERIE | |
| Mención de serie | Biblioteca del ejército ecuatoriano |
| Designación de volumen o secuencia | v16 |
| 650 #4 - PUNTO DE ACCESO ADICIONAL DE MATERIA--TÉRMINO DE MATERIA | |
| Término de materia o nombre geográfico como elemento de entrada | Ecuador |
| Subdivisión general | Historia |
| Subdivisión cronológica | COLONIA, 1563-1808 |
| 9 (RLIN) | 26038 |
| 650 #4 - PUNTO DE ACCESO ADICIONAL DE MATERIA--TÉRMINO DE MATERIA | |
| Término de materia o nombre geográfico como elemento de entrada | Quito (ecuador) |
| Subdivisión general | Historia |
| 9 (RLIN) | 26039 |
| 830 #0 - PUNTO DE ACCESO ADICIONAL DE SERIE-TÍTULO UNIFORME | |
| Título uniforme | Biblioteca del ejército ecuatoriano ; |
| Designación de volumen o secuencia | v16. |
| 9 (RLIN) | 26040 |
| 910 ## - DATOS DE OPCIÓN DEL USUARIO (OCLC) | |
| Datos de opción del usuario | Catalogación por copia / LC |
| Estado de retiro | Estado de pérdida | Restricciones de uso | No para préstamo | Código de colección | Localización permanente | Ubicación/localización actual | Ubicación en estantería | Fecha de adquisición | Número de inventario | Total de préstamos | Signatura topográfica completa | Código de barras | Fecha visto por última vez | Precio válido a partir de | Tipo de ítem Koha |
|---|---|---|---|---|---|---|---|---|---|---|---|---|---|---|---|
| Préstamo interno | Monografías: Libros y Folletos | General | General | En catalogación | 09.10.2009 | LF1 | 986.602 N575d | 10783-10 | 25.06.2020 | 25.06.2020 | Préstamo interno |
